000 00522nam a2200193 4500
001 121350
003 ES-MaACL
005 20250911062653.0
007 t|
008 070214s1942 sp r ||||1| spa d
100 1 _aPla, Josep,
_d1897-1981
_9164614
245 1 0 _aHumor honesto y vago /
_cJosep Pla.
260 _aBarcelona :
_bDestino,
_c1942.
300 _a233 p. ;
_c21 cm.
490 1 _aAncora y delfín
830 0 0 _aÁncora y Delfín
_9151298
852 _aES-MaACL
_jF-15520
_bR.19766
999 _c121350
_d121350